| 000 | 00647cam a2200217 i 4500 | ||
|---|---|---|---|
| 001 | 3151990 | ||
| 005 | 20180302053925.0 | ||
| 008 | 751017s1975 dcua b 001 0 eng | ||
| 010 | _a 74028806 | ||
| 020 |
_a0870441795 : _c$4.25 |
||
| 040 |
_aDLC _cDLC _dDLC |
||
| 041 | _aeng | ||
| 080 | _a520 FRI | ||
| 082 | 0 | 0 | _a520 FRI |
| 100 | 1 | _a41 | |
| 101 | _aGJEO | ||
| 245 | 1 | 4 |
_aThe amazing universe / _cby Herbert Friedman ; foreword by Philip Morrison ; prepared by the Special Publications Division, National Geographic Society. |
| 504 | _aBibliography: p. 199. | ||
| 906 |
_a7 _bcbc _corignew _d1 _eocip _f19 _gy-gencatlg |
||
| 942 |
_2ddc _cBK |
||
| 999 |
_c44006 _d44006 |
||